• 首页
  • 本馆介绍
  • 公告通知
  • 最新文献
  • 馆藏检索
  • 电子资源
  • 读者导购
  • 参考咨询
  • 我的图书馆
  • 登录
  • 详细信息显示
  • 放入我的书架
  • 预约/预借图书
  • 作者相关作品
  • 分类相关作品
  • 丛书相关作品
  • 出版社相关作品

书目信息

  • 表格格式
  • 工作单格式
  • 卡片格式
题名:
低能量食品
    
 
作者: 郑建仙 主编
分册:  
出版信息: 北京   中国轻工业出版社  2001.08
页数: 429页
开本: 26cm
丛书名:
单 册:
中图分类: TS218
科图分类:
主题词: 粮食加工--食品工业 , 粮食加工
电子资源:
ISBN: 7-5019-3162-3
000 00618nam0 2200217 450
001 0752570171
005 20080105094009.44
010    @a7-5019-3162-3@b精装@dCNY68.00
100    @a20071121d2001 km y0chiy0120 ea
101 0  @achi
102    @aCN@b110000
200 1  @a低能量食品@Adi neng liang shi pin@f郑建仙主编@Fzheng jian xian zhu bian
210    @a北京@c中国轻工业出版社@d2001.08
215    @a429页@d26cm
606 0  @a粮食加工@x食品工业
606 0  @a粮食加工
690    @aTS218@v4
701  0 @a郑建仙@Azheng jian xian@4主编
801  0 @aCN@bNISOFT@c20080105
905    @aBZT@dTS218@e4
906    @dCNY68.00@n0@r1
    
    低能量食品/郑建仙主编.-北京:中国轻工业出版社,2001.08
    429页;26cm
    
    
    ISBN 7-5019-3162-3(精装):CNY68.00
    
●
相关链接 在五车中查询图书 在当当中查询图书 在豆瓣中查询图书


正题名:低能量食品     索取号:TS218/4         预约/预借

序号 登录号 条形码 馆藏地/架位号 状态 备注
1 605510   2000605510   中心书库中库/ 中库025架A面4列6层4/ [索取号:TS218/4] 在馆    
2 605511   2000605511   中心书库中库/ 中库025架A面4列6层2/ [索取号:TS218/4] 在馆    
3 605512   2000605512   中心书库中库/ 中库025架A面4列6层5/ [索取号:TS218/4] 在馆    
4 605513   2000605513   中心书库中库/ 中库025架A面4列6层1/ [索取号:TS218/4] 在馆    
5 605514   2000605514   中心书库中库/ 中库025架A面4列6层3/ [索取号:TS218/4] 在馆    
山东省滨州职业学院图书馆 欢迎您!
大连网信软件有限公司© 版权所有